000 00987nam a2200277 a 4500
003 CO-CtgCURN
005 20250329191058.0
007 ta
008 100715s2008 ag fr 000 0 spa d
020 _a9789508022905
040 _aCO-CtgCURN
_bspa
_ccoctgcurn
082 0 4 _a362.20425
_bC334d
_221
100 1 _aCasamayor, Adriana.
245 1 0 _aDiscapacidad mental en la infancia :
_btrabajo social y juego con familias /
_cAdriana Casamayor.
260 _aBuenos Aires :
_bEspacio,
_c2008.
300 _a140 p.
336 _2rdacontent
337 _2rdamedia
_asin mediacion
_bn
338 _2rdacarrier
_avolumen
_bnc
504 _aIncluye referencias bibliograficas.
650 1 4 _aTrabajo social psiquiatrico
_vEstudio de casos.
_2LEMB
650 1 4 _aNiƱos con discapacidades mentales
_xRelaciones de familia.
_2LEMB
650 1 4 _aTrabajo social familiar.
_2LEMB
942 _cBK
_h362.20425
_iC334d
_2ddc
999 _c14333
_d14333